Zásada rovnakého odmeňovania žien a mužov v práve EÚ

Úloha ES pri podpore odstránenia nerovnosti medzi mužmi a ženami. Kľúčový význam článku 141 Zmluvy o ES. Rovnosť odmeňovania bez diskriminácie. Sekundárne právo EHS. Aktuálne kroky Európskej komisie na boj proti nerovnakému odmeňovaniu. Príčiny existencie rozdielov v odmeňovaní medzi ženami a mužmi....

Ausführliche Beschreibung

Gespeichert in:
Bibliographische Detailangaben
1. Verfasser: Puškáčová, Zora
Format: Buchkapitel
Sprache:Slowakisch
Schlagworte:
Tags: Tag hinzufügen
Keine Tags, Fügen Sie das erste Tag hinzu!

MARC

LEADER 00000naa$a2200000$$$4500
001 0107928
005 20230908071924.8
041 0 |a slo 
044 |a SK 
245 1 0 |a Zásada rovnakého odmeňovania žien a mužov v práve EÚ  |c Zora Puškáčová 
520 |a Úloha ES pri podpore odstránenia nerovnosti medzi mužmi a ženami. Kľúčový význam článku 141 Zmluvy o ES. Rovnosť odmeňovania bez diskriminácie. Sekundárne právo EHS. Aktuálne kroky Európskej komisie na boj proti nerovnakému odmeňovaniu. Príčiny existencie rozdielov v odmeňovaní medzi ženami a mužmi. Tradície a stereotypy. 
610 2 0 |a právo medzinárodné 
610 2 0 |a odmeňovanie 
610 2 0 |a diskriminácia 
610 2 0 |a Európska únia 
610 2 0 |a nerovnosť 
610 2 0 |a ženy 
610 2 0 |a muži 
100 1 |a Puškáčová, Zora